000 02272nam a2200289 a 4500
001 000032175
003 DO-SdBNP
005 20240402134028.0
008 090715s2008 dr a 000 0 spa d
040 _aDO-SdBNP
_bspa
_cBNPHU
082 _a343.729304
_bR426le 2008
110 1 _aRepública Dominicana
_9447
240 1 0 _aCódigo tributario
245 1 0 _aLey no. 11-92, Código tributario de la República Dominicana :
_bcuatro de las diferentes modificaciones ; Reglamentos dec.139-98(mod. por decs. 195-01 y 1520-04), dec. 140-98 (mod. por decs. 196-01 y 1108-01); dec. 79-03 (mod. dec. 1360-04) y dec. 1521-04 /
_cTrajano Vidal Potentini, Federico Sepulveda.
250 _a7a. ed., actualizada, verificada con el de la Suprema y ampliado
260 _aMoca, República Dominicana :
_bDalis,
_c2008.
300 _a235 p. ;
_c22 cm.
500 _aLey no. 11-92 (Gaceta oficial no. 9835), mod. por leyes 112-00, 147-00, 12-01, 3-04, 288-04 y 557-05, 227-06, 495-06, 172-07, y 175-07)
500 _aIncluye notas al pie de las páginas
505 0 _gÍndice general del código tributario --
_gTítulo 1
_tDe las normas generales, procedimientos y sanciones tributarias --
_gTítulo 2
_tDel impuesto sobre la renta --
_gTítulo 3
_tDel impuesto sobre sobre las transferencias de bienes industrializados y servicios --
_gTítulo 4
_tDel impuesto selectivo al consumo --
_gTítulo 5
_tAgregado por la ley 557-05 impuesto sobre activos arts. 401 al 408 --
_gReglamentos :
_tReglamentos decreto 139-98-título ll (mod. por dec. 195-01 del impuesto sobre la renta --
_tReglamento (índice por artículo) (dec. 140-98 título lll (mod. por el dec. 196-01 del impuesto sobre sobre las transferencias de bienes industrializados y servicios-ITBIS --
_tReglamento dec. no.79-03 para aplicación título lV impuesto selectivo al consumo --
_tReglamento, decreto no.1521-04 reglamento para aplicación del régimen de estimación simple para la declaración jurada de impuesto sobre la renta de los pequeños
590 _aInventariado, 2018/VM
650 1 4 _aDerecho fiscal
_xLegislación
_zRepública Dominicana
_99397
700 1 2 _aPotentini Adames, Trajano Vidal‏
_973577
700 1 2 _aSepulveda, Federico
_911789
910 _aValidado. Control de calidad MFF
942 _2ddc
_cLBS1
999 _c31666
_d31666